Farewell to alms: brief ecomic history of the world (Record no. 1302609)

MARC details
000 -LEADER
fixed length control field 00601nam a2200205Ia 4500
005 - DATE AND TIME OF LATEST TRANSACTION
control field 20250326144147.0
008 - FIXED-LENGTH DATA ELEMENTS--GENERAL INFORMATION
fixed length control field 250326s9999 xx 000 0 und d
020 ## - INTERNATIONAL STANDARD BOOK NUMBER
International Standard Book Number 978-0-691-12135-2
037 ## - SOURCE OF ACQUISITION
Stock number Textbook
040 ## - CATALOGING SOURCE
Original cataloging agency FMSL
Language of cataloging eng
Transcribing agency FMSL
041 ## - LANGUAGE CODE
Language code of text/sound track or separate title eng
Source of code eng
084 ## - COLON CLASSIFICATION NUMBER
Classification number X.1 P7
Assigning agency FMSL
100 ## - MAIN ENTRY--PERSONAL NAME
Personal name Clark Gregory
245 #0 - TITLE STATEMENT
Title Farewell to alms: brief ecomic history of the world
Statement of responsibility, etc. Clark Gregory
260 ## - PUBLICATION, DISTRIBUTION, ETC.
Place of publication, distribution, etc. New Jersey
Name of publisher, distributor, etc. New Jersey, Princiton university press
Date of publication, distribution, etc. 2007
300 ## - PHYSICAL DESCRIPTION
Extent xii,420
365 ## - TRADE PRICE
Price amount 1389.9794999999999
942 ## - ADDED ENTRY ELEMENTS (KOHA)
Koha item type Textbook
Classification part X.1 P7
Holdings
Withdrawn status Lost status Damaged status Not for loan Home library Current library Date acquired Source of acquisition Cost, normal purchase price Total Checkouts Full call number Barcode Date last seen Price effective from Koha item type
        Faculty of Management Library Faculty of Management Library 2025-03-26 Segment Books Distributors 1389.98   X.1 P7 ML1352151 2025-03-26 2025-03-26 Textbook
Copyright @ Delhi University Library System